La religión antigua

Salvato in:
Dettagli Bibliografici
Autore principale: Kerényi, Karl (Autore)
Natura: Libro
Lingua:spagnolo
Pubblicazione: Madrid Revista de Occidente 1972
Serie:Selecta de Revista de Occidente
Soggetti:
Tags: Aggiungi Tag
Nessun Tag, puoi essere il primo ad aggiungerne!!

MARC

LEADER 00000nam a2200000 a 4500
001 UCP5273
003 CL-VaPUC
008 990903e19720000SP |||||||||||||||||spa|d
082 0 4 |a 292  |b KER  |2 21 
100 |a Kerényi, Karl  |e author  |9 569916 
245 1 3 |a La religión antigua 
300 |a 244 p 
942 |c BK 
945 |d 19990903 00:00:00  |a crobeson 
260 |a Madrid  |b Revista de Occidente  |c 1972 
650 0 |a Religiones antiguas  |9 314285 
650 0 |a Mitología   |9 255719 
650 0 |a Mitología clásica  |9 265586 
650 0 |a Mitología griega   |9 265313 
650 7 |a MITOLOGIA ROMANA  |2 CL-VaPUC  |9 265213 
583 |a last modification  |c 19990903 00:00:00  |k Rodrigo Vera 
490 0 |a Selecta de Revista de Occidente 
999 |c 283041  |d 283039 
952 |0 0  |1 0  |4 0  |6 292_000000000000000_KER_1972  |7 0  |8 A  |9 325786  |a BIBHIS  |b BIBHIS  |d 2019-11-20  |i 1356968  |l 1  |o 292 KER 1972  |p 1356968  |r 2025-01-20  |s 2024-06-04  |w 2019-11-20  |y BK  |k HIS